Principles and Practice of Management (Record no. 130585)

MARC details
000 -LEADER
fixed length control field 00512nam a2200181Ia 4500
008 - FIXED-LENGTH DATA ELEMENTS--GENERAL INFORMATION
fixed length control field 230312s9999 xx 000 0 und d
041 ## - LANGUAGE CODE
Language code of text/sound track or separate title eng
082 ## - DEWEY DECIMAL CLASSIFICATION NUMBER
Classification number 658
Item number 658/She/033360
100 ## - MAIN ENTRY--PERSONAL NAME
Personal name Shejwalkar P.C.
245 ## - TITLE STATEMENT
Title Principles and Practice of Management
260 ## - PUBLICATION, DISTRIBUTION, ETC. (IMPRINT)
Date of publication, distribution, etc. 2009
Name of publisher, distributor, etc. Everest Publishing House
300 ## - PHYSICAL DESCRIPTION
Extent 130
365 ## - TRADE PRICE
Currency code Rs.
Price amount 235.00
700 ## - ADDED ENTRY--PERSONAL NAME
Personal name BhivpathakiD.
9 (RLIN) 169959
710 ## - ADDED ENTRY--CORPORATE NAME
Corporate name or jurisdiction name as entry element Shejwalkar P.C., Ghanekar A. & Bhivpathaki D.
9 (RLIN) 169960
906 ## - LOCAL DATA ELEMENT F, LDF (RLIN)
b 119.85

No items available.